000 01059cam a22003134a 4500
001 16696399
003 ARRUPE
005 20221130143332.0
008 110317s2012 maua b 001 0 eng
010 _a 2011010579
020 _a9780470656754 (pbk. : alk. paper)
020 _a0470656751 (pbk. : alk. paper)
028 _bArrupe
035 _a(OCoLC)ocn707886989
040 _aDLC
_cDLC
_dYDX
_dYDXCP
_dBWX
_dCDX
_dBDX
_dDLC
042 _apcc
050 0 0 _aBT77
_b.M382 2012
082 0 0 _a230
_222
100 1 _aMcGrath, Alister E.,
_d1953-
_99856
245 1 0 _aTheology :
_bthe basics /
_cAlister E. McGrath.
250 _a3rd ed.
260 _aMalden, MA :
_bWiley-Blackwell,
_c2012.
300 _axxxii, 221 p. :
_bill. ;
_c22 cm.
504 _aIncludes bibliographical references and index.
650 0 _aTheology, Doctrinal
_vPopular works.
_98923
906 _a7
_bcbc
_corignew
_d1
_eecip
_f20
_gy-gencatlg
942 _2lcc
_cMONOGRAPH
999 _c131623
_d131623